| 000 | 00421nam a2200181Ia 4500 | ||
|---|---|---|---|
| 001 | 15977 | ||
| 005 | 20260306170235.0 | ||
| 008 | 260306t2012||||xx |||||||||||||| ||und|| | ||
| 041 | _aESP | ||
| 082 |
_a346.52 _bA61 |
||
| 100 |
_aÁngel Yáguez, Ricardo de _eAUT |
||
| 245 | 0 | _aDaños punitivos | |
| 260 | _c2012 | ||
| 300 |
_a243 páginas : _c21 cm. |
||
| 650 | _aGEN | ||
| 654 | _aCDE | ||
| 942 |
_cLIB _dJUS _fJUS _2ddc _n |
||
| 999 |
_c15977 _d15977 |
||